000 00405nam a2200097Ia 4500
008 220216s9999 xx 000 0 und d
100 _aCudby P E F
245 0 _aDigital image processing and analysis as an aid to microscopical techniques
260 _bInternational Rubber Conference 1997. Rubber Science and Technology: Improving Quality of Life, Kuala Lumpur, Malaysia 6-9 Oct 1997; p641-650
942 _cJS
999 _c57207
_d57207